000 00786nam a2200145Ia 4500
008 100122s9999 xx 000 0 und d
082 _b10482
_a954.01
100 _aमिराशी वा वि
245 _aकलचुरि नृपति आणि त्यांचा काल -----(मधली पाने फाटलेली आहेत)
260 _bशासन साहित्य परिषद
_c1956
300 _a174
630 _aकलचुरि नृपति आणि त्यांचा काल -----(मधली पाने फाटलेली आहेत)
730 _aकलचुरि नृपति आणि त्यांचा काल -----(मधली पाने फाटलेली आहेत)
942 _cBOOK
999 _c402110
_d402107